000 00685nam a2200229Ia 4500
003 OSt
005 20220923225446.0
006 a|||||r|||| 00| 0
007 ta
008 220922b |||||||| |||| 00| 0 hin d
024 _a268,458
037 _cTextual
040 _aARTS
_cARTS
_bhin
041 _2hin
_ahin
082 _aQ8441:2:90R6, 152L21
100 _aशर्मा, हरवंशलाल
245 0 _aभारतीय दर्शन परम्परा
246 _aBhāratīya darshan paramparā
260 _c1972
942 _hQ8441:2:90R6, 152L21
_cTEXL
_2CC
999 _c378381
_d378381